000 005200000a22001810004500
003 MACL
005 20160225124428.0
008 160225b xxu||||| |||| 00| 0 eng d
040 _aMACL
_cMACL
041 _aHindi
082 _a800
100 _aरामस्‍वरूप चतुर्वेदी
_940328
245 _aहिन्‍दी नवलेखन
260 _bभारतीय ज्ञानपीठ
_aकाशी
350 _a4
650 _aLiteracture
_939932
942 _cHIN
_k800
_2ddc
999 _c25057
_d25057